|
|
|
|
| LEADER |
00970nam a2200253 a 4500 |
| 001 |
00020451 |
| 008 |
101012s2008 enka 001 0 eng d |
| 040 |
|
|
|a BD-DhAAL
|c BD-DhAAL
|d BD-DhAAL
|
| 082 |
0 |
0 |
|a 658.85
|2 22
|
| 100 |
1 |
|
|a Heller,Robert .
|
| 100 |
1 |
|
|a Hindle,Tim
|
| 245 |
1 |
4 |
|a Selling successfully /
|c Robert Heller ;
|a Making presentations ;Managme your time /
|c Tim Hindle.
|
| 246 |
1 |
|
|i At head of title :
|a The winner's manual.
|
| 260 |
|
|
|a London :
|b Dorling Kindersley,
|c 2008.
|
| 300 |
|
|
|a 72 p. :
|b ill. ;
|c 19 cm.
|
| 490 |
0 |
|
|a Essential life and work skills.
|
| 500 |
|
|
|a Includes index.
|
| 500 |
|
|
|a 3 boks in one book.
|
| 541 |
|
|
|e 00020451
|
| 650 |
|
0 |
|a Marketing
|
| 650 |
|
0 |
|a Selling
|
| 852 |
4 |
|
|a Ayesha Abed Library
|j General shelf
|
| 999 |
|
|
|c 9751
|d 9751
|
| 952 |
|
|
|0 0
|1 0
|2 ddc
|4 0
|6 658_850000000000000_HEL_2008
|7 0
|9 12420
|a BRACUL
|b BRACUL
|c GEN
|d 2010-10-12
|e In Plus
|g 200.00
|l 16
|m 143
|o 658.85 HEL
|p 3010020451
|q 2026-06-02
|r 2026-04-13
|s 2026-04-13
|t 1
|w 2010-10-12
|y BK
|